[Event "2015 Canadian Closed"]
[Site "Guelph, Ontario"]
[Date "2015.07.16"]
[Round "9.18"]
[White "Buscar, Michael"]
[Black "Surya, Benito"]
[Result "1-0"]
[WhiteElo "2245"]
[BlackElo "1938"]
[PlyCount "127"]
[EventDate "2015.??.??"]
[SourceDate "2015.07.10"]

1. Nf3 Nf6 2. d4 g6 3. Bg5 d5 4. e3 Bg7 5. Bd3 c6 6. c3 Bf5 7. Bxf5 gxf5 8. Qb3
Qc8 9. Nbd2 Ne4 10. Bf4 Nd7 11. a4 a5 12. Rc1 Ndf6 13. h3 Nxd2 14. Nxd2 Ne4 15.
Nf3 Rg8 16. O-O Qd7 17. c4 dxc4 18. Qxc4 Bf6 19. Rfd1 e6 20. Ne5 Bxe5 21. dxe5
Qe7 22. f3 Ng3 23. Rd6 Rc8 24. Bxg3 Rxg3 25. Qf4 Qg5 26. Qxg5 Rxg5 27. Rcd1 Rc7
28. Rd8+ Ke7 29. Ra8 b6 30. Rdd8 Rb7 31. Re8+ Kd7 32. Rad8+ Kc7 33. Re7+ Kxd8
34. Rxb7 Rh5 35. Rxb6 f4 36. exf4 Rh4 37. g3 Kc7 38. Ra6 Rxh3 39. Kg2 Rh6 40.
Rxa5 Kb7 41. b4 Rg6 42. Rc5 Rg8 43. b5 cxb5 44. Rxb5+ Kc6 45. Rb2 Ra8 46. Ra2
Kd7 47. a5 Kd8 48. a6 Ke7 49. a7 Kd7 50. Kh3 Ke7 51. Kh4 Kf8 52. g4 Kg7 53. Kg5
h6+ 54. Kh5 Kh7 55. g5 hxg5 56. Kxg5 Kg7 57. f5 exf5 58. Kxf5 Kf8 59. Kf6 Ke8
60. f4 Kf8 61. f5 Ke8 62. e6 Kf8 63. e7+ Ke8 64. Rd2 1-0

[Event "2015 Canadian Closed"]
[Site "Guelph, Ontario"]
[Date "2015.07.16"]
[Round "9.19"]
[White "Zhou, Qiyu"]
[Black "Drklulec, Vladimir"]
[Result "1-0"]
[WhiteElo "2221"]
[BlackElo "1950"]
[PlyCount "77"]
[EventDate "2015.??.??"]
[SourceDate "2015.07.10"]

1. e4 e5 2. Nf3 Nc6 3. Bb5 g6 4. O-O Bg7 5. c3 Nge7 6. d4 O-O 7. d5 a6 8. Ba4
Na5 9. Nbd2 b5 10. Bc2 c5 11. b4 cxb4 12. cxb4 Nb7 13. a4 Nd6 14. Bb2 f6 15.
axb5 Nxb5 16. Bd3 Rb8 17. Ra5 d6 18. Qe2 Qd7 19. Rfa1 Bh6 20. Nc4 Re8 21. Na3
Nc7 22. b5 f5 23. bxa6 fxe4 24. a7 Rxb2 25. Qxb2 exd3 26. a8=Q Nxa8 27. Rxa8 e4
28. Nd4 e3 29. fxe3 Bxe3+ 30. Kh1 Nf5 31. Ne6 g5 32. Nc4 Bc5 33. Qd2 h6 34.
Qxd3 Qf7 35. Nd2 Be3 36. Ne4 g4 37. Qc3 Ng3+ 38. Nxg3 Bxe6 39. Qxe3 1-0

[Event "2015 Canadian Closed"]
[Site "Guelph, Ontario"]
[Date "2015.07.16"]
[Round "9.20"]
[White "Noritsyn, Sergey"]
[Black "Piccinin, Mario"]
[Result "1-0"]
[WhiteElo "2090"]
[BlackElo "2068"]
[PlyCount "21"]
[EventDate "2015.??.??"]
[SourceDate "2015.07.10"]

1. e4 d5 2. exd5 Nf6 3. d4 Nxd5 4. c4 Nb4 5. a3 N4a6 6. Nf3 Bg4 7. Be2 e6 8.
O-O Be7 9. h3 Bh5 10. Qb3 b6 11. Qb5+ 1-0